000 00497cam a2200205ua 4500
001 7366
005 20260515114213.0
008 141208n ii |||gr||||Z||||||ben
040 _cMAIN
041 _aben
082 _a782.42
100 _aChoudhury, I. D.,
_eAuthor.
245 1 _aRabindrasangiter Tribenisangam
_cBy Indira Devi Choudhury
250 _a1st.
260 _aKolkatta:
_bBiswabharati,
_c1969.
300 _a33p.
653 _aVocal music
653 _aBengali songs
942 _cBK
999 _c6486
_d6486